[Event "ENCI Limburg-open A"]
[Site "Maastricht"]
[Date "2011.06.11"]
[Round "3"]
[White "Dorr, Yannick"]
[Black "De Cauter, Wolfgang"]
[Result "0-1"]
[WhiteElo "1917"]
[BlackElo "2014"]
[PlyCount "54"]
[EventDate "2011.06.10"]
[EventType "swiss"]
[EventRounds "7"]
[EventCountry "NED"]
[Source "P.Boonen"]
[SourceDate "2012.01.01"]

1. e4 e6 2. d4 c5 3. Nf3 cxd4 4. Nxd4 Nf6 5. e5 Qa5+ 6. Nc3 Qxe5+ 7. Be2 Bb4 8.
O-O Bxc3 9. bxc3 a6 10. Re1 Qa5 11. Nb3 Qa4 12. Nc5 Qc6 13. Be3 d6 14. Bf3 Qc7
15. Na4 Nbd7 16. Rb1 O-O 17. Rb4 d5 18. Bf4 Qa5 19. Bd6 Re8 20. g4 b5 21. Bxd5
exd5 22. Rxe8+ Nxe8 23. Qxd5 Nxd6 24. Qxa8 bxa4 25. Rd4 Qe5 26. Qc6 Qe1+ 27.
Kg2 Bb7 0-1

[Event "ENCI Limburg-open A"]
[Site "Maastricht"]
[Date "2011.06.11"]
[Round "3"]
[White "Ducarmon, Quinten"]
[Black "Cornelisse, John"]
[Result "1-0"]
[WhiteElo "2347"]
[BlackElo "2210"]
[PlyCount "93"]
[EventDate "2011.06.10"]
[EventType "swiss"]
[EventRounds "7"]
[EventCountry "NED"]
[Source "P.Boonen"]
[SourceDate "2012.01.01"]

1. e4 e5 2. Nf3 Nc6 3. Bb5 a6 4. Ba4 Nf6 5. O-O Be7 6. d3 d6 7. c3 O-O 8. Nbd2
b5 9. Bb3 Na5 10. Bc2 c5 11. Re1 Nc6 12. Nf1 Qc7 13. Ng3 Re8 14. h3 Nd7 15. Nf5
Bf8 16. Nh2 Ne7 17. Nxe7+ Bxe7 18. Ng4 Nf8 19. Qf3 Ng6 20. Ne3 Be6 21. Nf5 Qc6
22. Nxe7+ Nxe7 23. Qg3 Ng6 24. h4 f5 25. exf5 Bxf5 26. h5 Nf8 27. Qg5 Qd7 28.
Bb3+ Kh8 29. Bd5 Rab8 30. Be4 Bxe4 31. dxe4 Ne6 32. Qg4 Qf7 33. Be3 b4 34. Rad1
Red8 35. Rd2 Nc7 36. cxb4 cxb4 37. Red1 Ne8 38. h6 gxh6 39. Bxh6 Rdc8 40. Rd3
Qg6 41. Qh4 Rc4 42. Rf3 Nc7 43. Re1 Ne6 44. Rf6 Qg8 45. Re3 Rb7 46. Rg3 Qe8 47.
Rf8+ 1-0

[Event "ENCI Limburg-open A"]
[Site "Maastricht"]
[Date "2011.06.11"]
[Round "3"]
[White "Ducarmon, Renzo"]
[Black "Luncescu, Christian"]
[Result "1/2-1/2"]
[WhiteElo "1960"]
[BlackElo "2190"]
[PlyCount "127"]
[EventDate "2011.06.10"]
[EventType "swiss"]
[EventRounds "7"]
[EventCountry "NED"]
[Source "P.Boonen"]
[SourceDate "2012.01.01"]

1. e4 d5 2. exd5 Qxd5 3. Nc3 Qa5 4. d4 c6 5. Nf3 Nf6 6. Bc4 Bf5 7. Bd2 e6 8.
Qe2 Bb4 9. O-O-O Nbd7 10. a3 Bxc3 11. Bxc3 Qc7 12. Ne5 Nxe5 13. dxe5 Nd5 14.
Bd2 O-O-O 15. g4 Bg6 16. f4 h5 17. h3 hxg4 18. hxg4 Rxh1 19. Rxh1 Qb6 20. Rf1
Qd4 21. Bb3 Be4 22. Re1 Bg6 23. Rf1 Qe4 24. Qf2 Nb6 25. Be3 Nc4 26. Re1 Nxe3
27. Qxe3 Qxe3+ 28. Rxe3 Rh8 29. Re1 Kc7 30. Rg1 Kd7 31. Rf1 Be4 32. f5 Rh1 33.
Rxh1 Bxh1 34. Kd2 exf5 35. gxf5 Be4 36. Bxf7 Bxf5 37. c3 Ke7 38. Ba2 c5 39. Ke3
b5 40. Kf4 Bd3 41. Bd5 Bc4 42. Be4 Bb3 43. Bc6 Bc4 44. Be4 Ke6 45. Bf5+ Kf7 46.
Bd7 Ke7 47. Bf5 Be6 48. Bd3 Bd7 49. Kg5 Be8 50. Kf4 Ke6 51. b4 cxb4 52. axb4
Kd5 53. Be2 Bd7 54. Bf1 a6 55. Be2 Bc8 56. Bf1 Be6 57. Bg2+ Kc4 58. Bb7 Kxc3
59. Bxa6 Kxb4 60. Kg5 Bf7 61. e6 Be8 62. Bc8 Kc5 63. Bd7 Kd6 64. Bxe8 1/2-1/2

[Event "ENCI Limburg-open A"]
[Site "Maastricht"]
[Date "2011.06.11"]
[Round "3"]
[White "Ernst, Sipke"]
[Black "Esser, Norbert"]
[Result "1-0"]
[WhiteElo "2596"]
[BlackElo "2185"]
[PlyCount "69"]
[EventDate "2011.06.10"]
[EventType "swiss"]
[EventRounds "7"]
[EventCountry "NED"]
[Source "P.Boonen"]
[SourceDate "2012.01.01"]

1. d4 Nf6 2. c4 e6 3. Nf3 b6 4. g3 Ba6 5. Qc2 Bb7 6. Bg2 Bb4+ 7. Bd2 Qe7 8. O-O
Bxd2 9. Nbxd2 c5 10. e4 d6 11. e5 dxe5 12. dxe5 Nfd7 13. Ne4 O-O 14. Nfg5 g6
15. f4 Nc6 16. Qf2 Nd4 17. Nf6+ Nxf6 18. exf6 Qc7 19. g4 Bxg2 20. Kxg2 Qd8 21.
Qh4 h5 22. Ne4 Re8 23. Rae1 hxg4 24. Qxg4 Nf5 25. h4 Qd4 26. h5 Ne3+ 27. Rxe3
Qxe3 28. Nf2 e5 29. hxg6 Qxf4 30. gxf7+ Kxf7 31. Qd7+ Kg6 32. Qg7+ Kf5 33. Nh1
Rg8 34. Ng3+ Ke6 35. Qe7# 1-0

[Event "ENCI Limburg-open A"]
[Site "Maastricht"]
[Date "2011.06.11"]
[Round "3"]
[White "Fuhs, Juergen"]
[Black "Vrancken, Gilbert"]
[Result "1/2-1/2"]
[WhiteElo "2133"]
[BlackElo "2189"]
[PlyCount "64"]
[EventDate "2011.06.10"]
[EventType "swiss"]
[EventRounds "7"]
[EventCountry "NED"]
[Source "P.Boonen"]
[SourceDate "2012.01.01"]

1. e4 c5 2. Nf3 Nc6 3. d4 cxd4 4. Nxd4 g6 5. c4 Nf6 6. Nc3 d6 7. h3 Nxd4 8.
Qxd4 Bg7 9. Be3 O-O 10. Qd2 Qa5 11. Bd3 Be6 12. O-O Rfc8 13. Nd5 Qxd2 14. Bxd2
Nxd5 15. exd5 Bf5 16. Bxf5 gxf5 17. Rae1 Kf8 18. b3 b5 19. cxb5 Rc5 20. Bg5 f6
21. Be3 Rxb5 22. Rd1 a5 23. Rd4 f4 24. Bxf4 f5 25. Rd2 a4 26. bxa4 Rxa4 27. g3
Rba5 28. Rfd1 Rxa2 29. Rxa2 Rxa2 30. Rd2 Ra5 31. Kg2 Kf7 32. Rd3 Bf6 1/2-1/2

[Event "ENCI Limburg-open A"]
[Site "Maastricht"]
[Date "2011.06.11"]
[Round "3"]
[White "Goudriaan, Etienne"]
[Black "Magnussen, Helge"]
[Result "1-0"]
[WhiteElo "2307"]
[BlackElo "2131"]
[PlyCount "77"]
[EventDate "2011.06.10"]
[EventType "swiss"]
[EventRounds "7"]
[EventCountry "NED"]
[Source "P.Boonen"]
[SourceDate "2012.01.01"]

1. d4 d5 2. c4 e6 3. Nc3 c6 4. e3 Nf6 5. Nf3 Nbd7 6. Qc2 Bd6 7. g4 Nxg4 8. Rg1
Qf6 9. Rxg4 Qxf3 10. Rxg7 Nf8 11. Rg1 Bxh2 12. Be2 Qf6 13. Rg2 Bd6 14. Bd2 Ng6
15. O-O-O Nh4 16. Rgg1 Nf3 17. Rh1 Nxd2 18. Rxd2 Bd7 19. f4 h6 20. Kb1 Qe7 21.
Bf3 Bb4 22. Rdh2 Qf6 23. Nd1 O-O-O 24. Qa4 a5 25. c5 Qg6+ 26. Kc1 b5 27. Qb3 e5
28. fxe5 Qg3 29. Rf2 Bg4 30. Bxg4+ Qxg4 31. a3 Qe4 32. Rhf1 Bxc5 33. dxc5 Qxe5
34. Rxf7 d4 35. exd4 Rxd4 36. Rf8+ Rd8 37. R8f5 Qe2 38. Rf6 Qe4 39. Qe6+ 1-0

[Event "ENCI Limburg-open A"]
[Site "Maastricht"]
[Date "2011.06.11"]
[Round "3"]
[White "Gunther, Justin"]
[Black "Cox, Jan"]
[Result "0-1"]
[WhiteElo "2054"]
[BlackElo "1955"]
[PlyCount "54"]
[EventDate "2011.06.10"]
[EventType "swiss"]
[EventRounds "7"]
[EventCountry "NED"]
[Source "P.Boonen"]
[SourceDate "2012.01.01"]

1. e4 e5 2. Nf3 Nc6 3. d4 exd4 4. Bc4 Nf6 5. e5 Ng4 6. O-O d6 7. e6 fxe6 8. Ng5
Nge5 9. Bxe6 h6 10. Bxc8 Qxc8 11. Nh3 Qf5 12. Bf4 O-O-O 13. Re1 g5 14. Bxe5
dxe5 15. f3 d3 16. c3 Bc5+ 17. Kh1 h5 18. Nd2 g4 19. Ng1 Rhg8 20. Ne4 d2 21.
Nxc5 dxe1=Q 22. Qxe1 gxf3 23. gxf3 Rxg1+ 24. Qxg1 Qxf3+ 25. Qg2 Rd1+ 26. Rxd1
Qxd1+ 27. Qg1 Qd5+ 0-1

[Event "ENCI Limburg-open A"]
[Site "Maastricht"]
[Date "2011.06.11"]
[Round "3"]
[White "Harff, Marcel"]
[Black "Timmermans, Ivo"]
[Result "1/2-1/2"]
[WhiteElo "2217"]
[BlackElo "2219"]
[PlyCount "30"]
[EventDate "2011.06.10"]
[EventType "swiss"]
[EventRounds "7"]
[EventCountry "NED"]
[Source "P.Boonen"]
[SourceDate "2012.01.01"]

1. c4 e5 2. g3 Nf6 3. Bg2 d5 4. cxd5 Nxd5 5. Nc3 Nb6 6. Nf3 Nc6 7. O-O Be7 8.
a3 O-O 9. b4 Be6 10. d3 f6 11. Bb2 Qd7 12. Rc1 a5 13. b5 Nd4 14. Nxd4 exd4 15.
Ne4 a4 1/2-1/2

[Event "ENCI Limburg-open A"]
[Site "Maastricht"]
[Date "2011.06.11"]
[Round "3"]
[White "Henrichs, Thomas"]
[Black "Mueer, Sebastian"]
[Result "1-0"]
[WhiteElo "2469"]
[BlackElo "2257"]
[PlyCount "73"]
[EventDate "2011.06.10"]
[EventType "swiss"]
[EventRounds "7"]
[EventCountry "NED"]
[Source "P.Boonen"]
[SourceDate "2012.01.01"]

1. d4 Nf6 2. c4 c5 3. d5 e6 4. Nc3 exd5 5. cxd5 d6 6. Nf3 g6 7. Qa4+ Bd7 8. Qb3
Qc7 9. e4 Bg7 10. Bc4 O-O 11. O-O Na6 12. h3 Rab8 13. a4 Rbe8 14. Re1 Nb4 15.
Bf4 Nh5 16. Bh2 Kh8 17. Rad1 f5 18. e5 dxe5 19. d6 Qc8 20. Nxe5 Bf6 21. Bf7 Rd8
22. Nb5 a6 23. Nc7 Ng7 24. Bxg6 Bxe5 25. Bxe5 hxg6 26. Bxg7+ Kxg7 27. Re7+ Kh6
28. Qg3 g5 29. h4 Rg8 30. hxg5+ Kg6 31. Qh2 Rh8 32. Qe5 Rdg8 33. Qf6+ Kh5 34.
Qf7+ Kxg5 35. Rxd7 Nc6 36. Ne6+ Kg4 37. f3+ 1-0

[Event "ENCI Limburg-open A"]
[Site "Maastricht"]
[Date "2011.06.11"]
[Round "3"]
[White "Hetey, Laszlo"]
[Black "Berg, Emanuel"]
[Result "0-1"]
[WhiteElo "2337"]
[BlackElo "2608"]
[PlyCount "94"]
[EventDate "2011.06.10"]
[EventType "swiss"]
[EventRounds "7"]
[EventCountry "NED"]
[Source "P.Boonen"]
[SourceDate "2012.01.01"]

1. d4 Nf6 2. c4 g6 3. Nc3 Bg7 4. e4 d6 5. f3 O-O 6. Bg5 a6 7. Qd2 c6 8. O-O-O
b5 9. Bh6 b4 10. Nce2 Qa5 11. Bxg7 Kxg7 12. Kb1 Nbd7 13. h4 h5 14. Nc1 e5 15.
Nge2 d5 16. Nb3 Qb6 17. cxd5 cxd5 18. dxe5 Nxe5 19. exd5 Nc4 20. Qd4 Qxd4 21.
Nexd4 Ne3 22. Rd2 Nfxd5 23. Bd3 a5 24. Nc2 a4 25. Nbd4 Nxc2 26. Bxc2 Ne3 27.
Be4 Ra6 28. Re1 Nc4 29. Rc2 Nd6 30. Bd3 Rb6 31. Rc6 Rxc6 32. Nxc6 Bf5 33. Bxf5
Nxf5 34. Re4 b3 35. Rxa4 Rc8 36. Rc4 Ne3 37. Rc3 bxa2+ 38. Kxa2 Nxg2 39. b4
Nxh4 40. b5 Nf5 41. Rd3 h4 42. f4 Rh8 43. b6 h3 44. b7 h2 45. Rd1 Ng3 46. Nd8
h1=Q 47. Rxh1 Rxd8 0-1

[Event "ENCI Limburg-open A"]
[Site "Maastricht"]
[Date "2011.06.11"]
[Round "3"]
[White "Hoornstra, Hans"]
[Black "Mengerink, Ynze"]
[Result "1/2-1/2"]
[WhiteElo "1967"]
[BlackElo "2147"]
[PlyCount "61"]
[EventDate "2011.06.10"]
[EventType "swiss"]
[EventRounds "7"]
[EventCountry "NED"]
[Source "P.Boonen"]
[SourceDate "2012.01.01"]

1. e4 c6 2. d4 d5 3. exd5 cxd5 4. c4 Nf6 5. Nc3 Nc6 6. Nf3 Bg4 7. cxd5 Nxd5 8.
Qb3 Bxf3 9. gxf3 e6 10. Qxb7 Nxd4 11. Bb5+ Nxb5 12. Qc6+ Ke7 13. Qxb5 Nxc3 14.
bxc3 Rb8 15. Qa4 Qd7 16. Qf4 Rd8 17. O-O f6 18. Be3 Kf7 19. Rad1 Bd6 20. Qc4
Qe7 21. Rfe1 Rc8 22. Qa6 Bb8 23. c4 Rhd8 24. c5 Qc7 25. Rd6 Rxd6 26. cxd6 Qd7
27. Rb1 Bxd6 28. Rb7 Rc7 29. Rxc7 Qxc7 30. h3 Bc5 31. Qc4 1/2-1/2

[Event "ENCI Limburg-open A"]
[Site "Maastricht"]
[Date "2011.06.11"]
[Round "3"]
[White "Hovhanisian, Mher"]
[Black "Fedorchuk, Sergey A"]
[Result "1/2-1/2"]
[WhiteElo "2472"]
[BlackElo "2654"]
[PlyCount "25"]
[EventDate "2011.06.10"]
[EventType "swiss"]
[EventRounds "7"]
[EventCountry "NED"]
[Source "P.Boonen"]
[SourceDate "2012.01.01"]

1. e4 e5 2. Nf3 Nc6 3. Nc3 Nf6 4. Bb5 Bb4 5. O-O O-O 6. d3 d6 7. Bg5 Ne7 8. Nh4
c6 9. Bc4 d5 10. exd5 Nfxd5 11. Bd2 Nxc3 12. bxc3 Ba5 13. Nf3 1/2-1/2

[Event "ENCI Limburg-open A"]
[Site "Maastricht"]
[Date "2011.06.11"]
[Round "3"]
[White "Kampman, Tijmen"]
[Black "Solleveld, Maarten"]
[Result "0-1"]
[WhiteElo "2108"]
[BlackElo "2507"]
[PlyCount "78"]
[EventDate "2011.06.10"]
[EventType "swiss"]
[EventRounds "7"]
[EventCountry "NED"]
[Source "P.Boonen"]
[SourceDate "2012.01.01"]

1. e4 c5 2. c4 Nc6 3. Nc3 g6 4. g3 Bg7 5. Bg2 e6 6. Nge2 Nge7 7. O-O O-O 8. d3
d6 9. Be3 Nd4 10. Rb1 b6 11. f4 Bb7 12. b4 Qd7 13. Qd2 Rad8 14. Bxd4 cxd4 15.
Nb5 Nc6 16. f5 Qe7 17. Qf4 Bf6 18. Qf2 e5 19. Na3 Nb8 20. Nc2 Nd7 21. b5 a6 22.
bxa6 Bxa6 23. Nb4 Bb7 24. h4 g5 25. hxg5 Bxg5 26. Qf3 Ra8 27. f6 Nxf6 28. Bh3
h5 29. Bf5 Kg7 30. Kg2 Rh8 31. Rb2 Ra4 32. Rfb1 Ng4 33. Bxg4 hxg4 34. Qf1 Be3
35. Qf5 Bc8 36. Nd5 Qd8 37. Qf1 Rh2+ 38. Kxh2 Qh8+ 39. Kg2 Qh3# 0-1

[Event "ENCI Limburg-open A"]
[Site "Maastricht"]
[Date "2011.06.11"]
[Round "3"]
[White "Klein, Felix"]
[Black "Haast, Mark"]
[Result "1-0"]
[WhiteElo "2243"]
[BlackElo "2249"]
[PlyCount "115"]
[EventDate "2011.06.10"]
[EventType "swiss"]
[EventRounds "7"]
[EventCountry "NED"]
[Source "P.Boonen"]
[SourceDate "2012.01.01"]

1. e4 c5 2. Nf3 Nc6 3. Nc3 d6 4. d4 cxd4 5. Nxd4 Nf6 6. Bg5 Bd7 7. Qd2 Rc8 8.
Nxc6 Bxc6 9. f3 e6 10. O-O-O Qa5 11. Kb1 Be7 12. h4 b5 13. Nxb5 Qxd2 14. Rxd2
Bxb5 15. Bxb5+ Kf8 16. Rhd1 h6 17. Be3 Rc7 18. Rd4 Rb7 19. Ba6 Rc7 20. Rc4 Ne8
21. Rxc7 Nxc7 22. Bf1 Bxh4 23. Rxd6 Ke7 24. Rd3 a6 25. Bc5+ Kf6 26. Rd7 Bg3 27.
Be7+ Kg6 28. Bd8 Ne8 29. Bxa6 Nf6 30. Bxf6 Kxf6 31. b4 g5 32. c4 Ra8 33. b5 Bf2
34. Kc2 Ke5 35. Kb3 f5 36. exf5 exf5 37. Kb4 Be1+ 38. Kc5 Kf4 39. Kc6 Kg3 40.
Kb7 Re8 41. c5 Kxg2 42. c6 h5 43. c7 h4 44. c8=Q Rxc8 45. Kxc8 h3 46. b6 h2 47.
Rh7 Bh4 48. Rxh4 gxh4 49. f4 Kg1 50. Bb7 h3 51. Bc6 h1=Q 52. Bxh1 Kxh1 53. b7
h2 54. b8=Q Kg2 55. Qb7+ Kg1 56. a4 h1=Q 57. Qxh1+ Kxh1 58. a5 1-0

[Event "ENCI Limburg-open A"]
[Site "Maastricht"]
[Date "2011.06.11"]
[Round "3"]
[White "Koop, Soeren"]
[Black "Krueger, Norbert"]
[Result "1-0"]
[WhiteElo "2045"]
[BlackElo "2110"]
[PlyCount "121"]
[EventDate "2011.06.10"]
[EventType "swiss"]
[EventRounds "7"]
[EventCountry "NED"]
[Source "P.Boonen"]
[SourceDate "2012.01.01"]

1. e4 c5 2. Nf3 e6 3. d4 cxd4 4. Nxd4 a6 5. Bd3 Nc6 6. Nxc6 dxc6 7. O-O e5 8.
f4 exf4 9. Bxf4 Nf6 10. Nd2 Bg4 11. Qe1 Be6 12. h3 Be7 13. Bg5 Qd7 14. Qf2 Ng4
15. hxg4 Bxg5 16. Nf3 Bf4 17. Rad1 Qc7 18. Nd4 Bxg4 19. Be2 Bxe2 20. Qxe2 O-O
21. Nf5 Be5 22. Qg4 Kh8 23. Rd3 g6 24. Nh6 Bg7 25. Qh4 Qe5 26. Nxf7+ Rxf7 27.
Rxf7 Rg8 28. Rxb7 Qc5+ 29. Qf2 Qc4 30. b3 Qxe4 31. Rbd7 c5 32. Rd8 h6 33. Rxg8+
Kxg8 34. Kf1 Bd4 35. Qf3 Qh4 36. c3 Bg7 37. Qd5+ Kh7 38. Qxc5 Qf4+ 39. Ke2 Qe4+
40. Qe3 Qxg2+ 41. Qf2 Qe4+ 42. Kd2 h5 43. Qe2 Bh6+ 44. Kd1 Qf4 45. Rd7+ Bg7 46.
Qd2 Qf1+ 47. Kc2 Qf5+ 48. Kb2 Kh8 49. Rd6 h4 50. Qc2 Qe5 51. Rxg6 h3 52. Rxa6
Bf6 53. Qd3 h2 54. Rxf6 h1=Q 55. Qd8+ Kh7 56. Qd7+ Kg8 57. Qf7+ Kh8 58. Qf8+
Kh7 59. Rf7+ Kg6 60. Qg8+ Kh6 61. Rh7# 1-0

[Event "ENCI Limburg-open A"]
[Site "Maastricht"]
[Date "2011.06.11"]
[Round "3"]
[White "Lenhardt, Manfred"]
[Black "Friese, Henning"]
[Result "1/2-1/2"]
[WhiteElo "2111"]
[BlackElo "2077"]
[PlyCount "25"]
[EventDate "2011.06.10"]
[EventType "swiss"]
[EventRounds "7"]
[EventCountry "NED"]
[Source "P.Boonen"]
[SourceDate "2012.01.01"]

1. d4 Nf6 2. Bf4 c5 3. c3 e6 4. e3 b6 5. h3 Bb7 6. Nf3 Be7 7. Be2 O-O 8. Nbd2
d6 9. O-O Nbd7 10. Bh2 Rc8 11. Qb3 Qc7 12. Rfd1 Ne4 13. Nxe4 1/2-1/2

[Event "ENCI Limburg-open A"]
[Site "Maastricht"]
[Date "2011.06.11"]
[Round "3"]
[White "Memeti, Kastriot"]
[Black "Brookes, Christopher"]
[Result "0-1"]
[WhiteElo "2209"]
[BlackElo "2052"]
[PlyCount "58"]
[EventDate "2011.06.10"]
[EventType "swiss"]
[EventRounds "7"]
[EventCountry "NED"]
[Source "P.Boonen"]
[SourceDate "2012.01.01"]

1. d4 Nf6 2. Nf3 g6 3. Bf4 Bg7 4. e3 O-O 5. Be2 d6 6. h3 c5 7. c3 Nc6 8. O-O
cxd4 9. cxd4 Qa5 10. Nc3 e5 11. Bh2 Bf5 12. Qb3 Ne4 13. Qxb7 Rfc8 14. Nxe4 Bxe4
15. dxe5 Rcb8 16. Qd7 Rxb2 17. Bc4 Nxe5 18. Bxe5 Bxe5 19. Rac1 Rf8 20. Ng5 Bh2+
21. Kxh2 Qxg5 22. Qg4 Qe5+ 23. Qg3 a5 24. f3 Ba8 25. Rfd1 Bxf3 26. Qxe5 Rxg2+
27. Kh1 dxe5 28. Rf1 e4 29. a4 Rd8 0-1

[Event "ENCI Limburg-open A"]
[Site "Maastricht"]
[Date "2011.06.11"]
[Round "3"]
[White "Nabuurs, Joep"]
[Black "Wiley, Tom E"]
[Result "1/2-1/2"]
[WhiteElo "2212"]
[BlackElo "2296"]
[PlyCount "58"]
[EventDate "2011.06.10"]
[EventType "swiss"]
[EventRounds "7"]
[EventCountry "NED"]
[Source "P.Boonen"]
[SourceDate "2012.01.01"]

1. e4 e6 2. d4 d5 3. Nc3 Bb4 4. exd5 exd5 5. Bd3 Nc6 6. a3 Bxc3+ 7. bxc3 Be6 8.
Ne2 Qd7 9. Ng3 g6 10. O-O O-O-O 11. a4 Na5 12. Ba3 f5 13. Ne2 Nf6 14. Nc1 Nc4
15. Nb3 Bf7 16. a5 Rde8 17. Nd2 Ne4 18. Bxc4 dxc4 19. Bb4 Nxd2 20. Qxd2 Bd5 21.
Rfe1 a6 22. Re5 Re6 23. Rae1 Rhe8 24. Qf4 Be4 25. f3 Rxe5 26. dxe5 Bxc2 27.
Qxc4 Qd2 28. Qe2 Qxe2 29. Rxe2 Bb3 1/2-1/2

[Event "ENCI Limburg-open A"]
[Site "Maastricht"]
[Date "2011.06.11"]
[Round "3"]
[White "Oosterman, Maarten Jan"]
[Black "Olthof, Rene"]
[Result "0-1"]
[WhiteElo "2010"]
[BlackElo "2202"]
[PlyCount "70"]
[EventDate "2011.06.10"]
[EventType "swiss"]
[EventRounds "7"]
[EventCountry "NED"]
[Source "P.Boonen"]
[SourceDate "2012.01.01"]

1. e4 c5 2. c3 g6 3. d4 cxd4 4. cxd4 d5 5. e5 Nc6 6. Nc3 Nh6 7. Bb5 Bg7 8. Nge2
O-O 9. O-O Nf5 10. Bxc6 bxc6 11. Na4 f6 12. f4 Rb8 13. Nc5 Qb6 14. g4 Nh4 15.
Nc3 fxe5 16. N3a4 Qb5 17. Qe1 g5 18. f5 e4 19. Bxg5 Bxd4+ 20. Be3 Bxe3+ 21.
Qxe3 Nf3+ 22. Kh1 Bxf5 23. gxf5 Rxf5 24. Rf2 Rbf8 25. Qh6 R8f7 26. Rg2+ Kh8 27.
Ne6 R5f6 28. Ng5 Nxg5 29. Qxg5 Rg6 30. Qe5+ Kg8 31. Rxg6+ hxg6 32. Rg1 Rf1 33.
Qe6+ Kf8 34. Nc5 Rxg1+ 35. Kxg1 Qxc5+ 0-1

[Event "ENCI Limburg-open A"]
[Site "Maastricht"]
[Date "2011.06.11"]
[Round "3"]
[White "Perrenet, Jacob"]
[Black "Wilschut, Peter"]
[Result "1/2-1/2"]
[WhiteElo "2059"]
[BlackElo "2214"]
[PlyCount "105"]
[EventDate "2011.06.10"]
[EventType "swiss"]
[EventRounds "7"]
[EventCountry "NED"]
[Source "P.Boonen"]
[SourceDate "2012.01.01"]

1. Nc3 d5 2. e4 e6 3. Bd3 Nf6 4. e5 Nfd7 5. f4 Nc5 6. Qf3 Nxd3+ 7. Qxd3 Nc6 8.
a3 g5 9. Nf3 gxf4 10. Qe2 Be7 11. d3 Bh4+ 12. Kd1 Bg5 13. g3 Bh6 14. Bxf4 Bxf4
15. gxf4 Qe7 16. Kd2 Bd7 17. Rhg1 O-O-O 18. Rg2 Qf8 19. Rag1 Ne7 20. Nd4 Kb8
21. b4 Qh6 22. Qe3 Ng6 23. Nce2 Rhf8 24. Rg3 f6 25. Rh3 Qg7 26. Rh5 fxe5 27.
Rxe5 Qh6 28. Nxe6 Bxe6 29. Rxe6 Qxh2 30. Rf1 Qg2 31. Rf2 Qg4 32. f5 Nh4 33. f6
d4 34. Qe4 Qg5+ 35. Ke1 Ng6 36. f7 Qb5 37. Rf5 Qd7 38. Ref6 a6 39. Kd2 Ne7 40.
Rh5 Nd5 41. Rfh6 Nc3 42. Nxc3 dxc3+ 43. Kxc3 Qxf7 44. Rxh7 Qa2 45. Qc4 Qxa3+
46. Kd2 c5 47. Qxc5 Rxd3+ 48. cxd3 Qb2+ 49. Ke3 Qf2+ 50. Ke4 Qf4+ 51. Kd5 Rf5+
52. Rxf5 Qxf5+ 53. Kc4 1/2-1/2

[Event "ENCI Limburg-open A"]
[Site "Maastricht"]
[Date "2011.06.11"]
[Round "3"]
[White "Rietveld, Leo"]
[Black "Loehnhardt, Benjamin"]
[Result "1/2-1/2"]
[WhiteElo "2055"]
[BlackElo "2058"]
[PlyCount "69"]
[EventDate "2011.06.10"]
[EventType "swiss"]
[EventRounds "7"]
[EventCountry "NED"]
[Source "P.Boonen"]
[SourceDate "2012.01.01"]

1. d4 e6 2. Nc3 d5 3. e4 dxe4 4. f3 c5 5. d5 exd5 6. Qxd5 Qxd5 7. Nxd5 Bd6 8.
Bg5 exf3 9. Nxf3 f6 10. Bh4 Ne7 11. Bc4 Nxd5 12. Bxd5 Kd7 13. O-O-O Kc7 14. Nd2
Bg4 15. Rde1 Nc6 16. Ne4 Bf4+ 17. Kb1 b6 18. Nxf6 gxf6 19. Re4 Be5 20. Rxg4
Rad8 21. Rg7+ Rd7 22. Rxd7+ Kxd7 23. c3 Ne7 24. Bf3 Ng6 25. Bf2 Ke7 26. Re1 Rd8
27. Kc2 Kf8 28. g3 Bc7 29. c4 Be5 30. Be3 Kg7 31. Bd5 Ne7 32. Be4 Ng6 33. Bd5
Ne7 34. Be4 Ng6 35. Bd5 1/2-1/2

[Event "ENCI Limburg-open A"]
[Site "Maastricht"]
[Date "2011.06.11"]
[Round "3"]
[White "Roos, Adrian"]
[Black "Michielsen, Joost"]
[Result "0-1"]
[WhiteElo "2127"]
[BlackElo "2338"]
[PlyCount "102"]
[EventDate "2011.06.10"]
[EventType "swiss"]
[EventRounds "7"]
[EventCountry "NED"]
[Source "P.Boonen"]
[SourceDate "2012.01.01"]

1. e4 c5 2. Nf3 e6 3. d4 cxd4 4. Nxd4 Nf6 5. Nc3 d6 6. g4 h6 7. h4 Nc6 8. Rg1
h5 9. gxh5 Nxh5 10. Bg5 Qb6 11. Nb3 Nf6 12. Be2 a6 13. Qd2 Qc7 14. O-O-O b5 15.
a3 Bb7 16. Kb1 Ne5 17. Qd4 Rc8 18. Rc1 Nc4 19. Rg3 Nd7 20. h5 Qb6 21. Qxb6
Ndxb6 22. Rd1 d5 23. exd5 Nxd5 24. Nxd5 Bxd5 25. h6 f6 26. hxg7 Bxg7 27. Bf4
Kf7 28. Bd3 Rh4 29. Rdg1 Bh8 30. Bc1 Ne5 31. Be2 Be4 32. Bd1 Rh2 33. Nd2 Bd5
34. f4 Nc6 35. Rd3 Rf2 36. Rh3 Rg8 37. Bh5+ Kf8 38. Rxg8+ Kxg8 39. Nb3 f5 40.
Nc5 Nd4 41. Bd1 a5 42. c3 Ne2 43. Be3 Rf1 44. Kc2 Nxf4 45. Rg3+ Kf7 46. a4 bxa4
47. Nxa4 Be5 48. Rg1 Ng2 49. Bc5 Ne1+ 50. Kd2 Bf4+ 51. Ke2 Bc4# 0-1

[Event "ENCI Limburg-open A"]
[Site "Maastricht"]
[Date "2011.06.11"]
[Round "3"]
[White "Roufs, Gerard"]
[Black "Coenen, Michael"]
[Result "0-1"]
[WhiteElo "2006"]
[BlackElo "2337"]
[PlyCount "116"]
[EventDate "2011.06.10"]
[EventType "swiss"]
[EventRounds "7"]
[EventCountry "NED"]
[Source "P.Boonen"]
[SourceDate "2012.01.01"]

1. d4 Nf6 2. c4 g6 3. Nc3 d5 4. cxd5 Nxd5 5. e4 Nxc3 6. bxc3 Bg7 7. Nf3 O-O 8.
Be2 c5 9. Rb1 Nc6 10. d5 Bxc3+ 11. Bd2 Bxd2+ 12. Qxd2 Nd4 13. Nxd4 cxd4 14.
Qxd4 e5 15. Qd2 f5 16. exf5 gxf5 17. O-O Qd6 18. Rfd1 b6 19. Rb3 Bd7 20. Bb5
Rad8 21. a4 Kh8 22. Rc3 Be6 23. Qh6 Bg8 24. Qc1 Qg6 25. Rg3 Qf6 26. Bc6 Rd6 27.
Rgd3 Bf7 28. Qc3 Kg7 29. Re1 e4 30. Rg3+ Bg6 31. Qxf6+ Kxf6 32. f4 Bf7 33. Rh3
Kg7 34. g4 Bxd5 35. Bxd5 Rxd5 36. gxf5 Rd4 37. a5 bxa5 38. Rc1 Rfd8 39. f6+
Kxf6 40. Rxh7 e3 41. Kf1 Kf5 42. Re7 Kxf4 43. Rf7+ Ke4 44. Rxa7 Rf8+ 45. Ke1
Rg8 46. Re7+ Kf3 47. Rf7+ Rf4 48. Rxf4+ Kxf4 49. Rc7 Rg1+ 50. Ke2 Rg2+ 51. Ke1
Rxh2 52. Rf7+ Ke4 53. Re7+ Kd3 54. Rd7+ Kc3 55. Re7 Rh3 56. Ke2 a4 57. Rc7+ Kb3
58. Rb7+ Ka2 0-1

[Event "ENCI Limburg-open A"]
[Site "Maastricht"]
[Date "2011.06.11"]
[Round "3"]
[White "Scholzen, Wolfgang"]
[Black "Van Liempt, Michael"]
[Result "1-0"]
[WhiteElo "2082"]
[BlackElo "1891"]
[PlyCount "55"]
[EventDate "2011.06.10"]
[EventType "swiss"]
[EventRounds "7"]
[EventCountry "NED"]
[Source "P.Boonen"]
[SourceDate "2012.01.01"]

1. d4 Nf6 2. Nf3 e6 3. e3 b6 4. Bd3 Bb7 5. O-O c5 6. b3 d5 7. Ne5 Be7 8. Nd2
O-O 9. f4 Ne4 10. Nxe4 dxe4 11. Be2 Nc6 12. Bb2 f6 13. Ng4 f5 14. Ne5 Nxe5 15.
dxe5 Bd5 16. Rf2 g5 17. g3 g4 18. c4 Bc6 19. Bxg4 fxg4 20. Qxg4+ Kh8 21. Qxe6
Bd7 22. Qh6 Bf5 23. g4 Bg6 24. g5 Bxg5 25. fxg5 Qe7 26. e6+ Kg8 27. Bf6 Qc7 28.
Rd1 1-0